Central Library OPAC University of Rajshahi

The family in India : (Record no. 47094)

MARC details
000 -LEADER
fixed length control field 02079cam a2200289 a 4500
001 - CONTROL NUMBER
control field 47094
003 - CONTROL NUMBER IDENTIFIER
rucl marc code BD-RjUL
005 - DATE AND TIME OF LATEST TRANSACTION
control field 20211209054247.0
008 - FIXED-LENGTH DATA ELEMENTS--GENERAL INFORMATION
fixed length control field 160807s2005 ii b 001 0 eng
020 ## - INTERNATIONAL STANDARD BOOK NUMBER
International Standard Book Number 0761933883
International Standard Book Number 0761933891 (pbk.)
International Standard Book Number 817829530X (India)
International Standard Book Number 8178295318 (India : pbk.)
035 ## - SYSTEM CONTROL NUMBER
System control number (BD-RjUL)47213
040 ## - CATALOGING SOURCE
Original cataloging agency DLC
Transcribing agency DLC
Language of cataloging eng
Modifying agency BD-RjUL
041 ## - LANGUAGE CODE
Language code of text/sound track or separate title eng
082 00 - DEWEY DECIMAL CLASSIFICATION NUMBER
Classification number 306.850954
Edition number 23
Author mark and year FAM 2005
245 04 - TITLE STATEMENT
Title The family in India :
Remainder of title structure and practice /
Statement of responsibility, etc. editor, Tulsi Patel ; foreword by A.M. Shah.
260 ## - PUBLICATION, DISTRIBUTION, ETC. (IMPRINT)
Place of publication, distribution, etc. New Delhi ;
-- London :
Name of publisher, distributor, etc. Sage Publications,
Date of publication, distribution, etc. 2005.
300 ## - PHYSICAL DESCRIPTION
Pagination 310 p. ;
Size 23 cm.
504 ## - BIBLIOGRAPHY, ETC. NOTE
Bibliography, etc Includes bibliographical references and index.
505 0# - FORMATTED CONTENTS NOTE
Formatted contents note The family: nature and scope -- The nature of the family / Carle C. Zimmerman -- Some neglected approaches and problems in the study of family in India / A.A. Khatri -- Some problems concerning research on the changing family in India / M.F. Nimkoff -- The myth of the Indian joint family: empirical analysis -- The joint family in India: an analysis / I.P. Desai -- Caste and the joint family, an approach / Aileen D. Ross -- An analysis / I.P. Desai -- In Tamil Nadu / A. Aiyappan -- In Kerala / M.S.A. Rao -- In an immigrant artisan community / Hemlata Acharya -- In a mobile commercial community / B.R. Agarwala -- Family types in Badlapur: an analysis of a changing institution in a Maharashtrian village / William A. Morrison -- The family in transition / K.M. Kapadia -- Family structure and socio-economic status in central India / Edwin D. Driver -- The phase of dispersal in the Indian family process / A.M. Shah -- The demystifying case studies -- The family organization in the south-west of India / Fr. J. Puthenkalam, S.J -- Family and kinship groups among the Khatris in Delhi / Saroj Kapoor -- Household and family among Thakors in a north Gujarat village / Lancy Lobo.
650 #0 - SUBJECT ADDED ENTRY--TOPICAL TERM
Topical term or geographic name as entry element Families
Geographic subdivision India.
9 (RLIN) 140695
700 1# - ADDED ENTRY--PERSONAL NAME
Personal name Patel, Tulsi.
830 #0 - SERIES ADDED ENTRY--UNIFORM TITLE
Uniform title Themes in Indian sociology ;
Volume number/sequential designation v. 6
942 ## - ADDED ENTRY ELEMENTS (KOHA)
Source of classification or shelving scheme Dewey Decimal Classification
Koha item type Books
Holdings
Lost status Source of classification or shelving scheme Damaged status Not for loan Collection code Permanent Location Current Location Shelving location Date acquired Source of acquisition Cost, normal purchase price Total Checkouts Full call number Date last seen Copy number Koha item type
  Dewey Decimal Classification     Non-fiction Central Library, University of Rajshahi Central Library, University of Rajshahi   10/08/2006 Dhaka, paragon enterprise 395.00   306.850954 FAM 2005 07/08/2016 C-2 Books
  Dewey Decimal Classification   Not For Loan Non-fiction Central Library, University of Rajshahi Central Library, University of Rajshahi Reading Room 10/08/2006 dhaka, paragon Enterprice ltd. 395.00   306.850954 FAM 2005 17/12/2016 C-1 Books